000 01141nam a2200205Ia 4500
003 Ost
005 20260507075131.0
008 260507s9999||||xx |||||||||||||| ||und||
040 _cfsecg
041 _aara
082 _a330
100 _aمحمد، حسين عبد العال
_eمؤلف
245 0 _aالإتجاهات الحديثة في إدارة الجودة والمواصفات القياسية الإيزو 90014-9000 وأهم التعديلات التي أدخلت عليها /
_c حسين عبد العال محمد
260 _aالإسكندرية:
_bدار الفكر الجامعي,
_c2006
300 _a187 صفحة؛
_bإيضاحات ؛
_c25 سم
520 _aالإدارة في الفكر الحديث كمدخل معاصر- إدارة الجودة والمواصفات القياسية- تحديد عناصر الجودة الشاملة- تحديد المواصفات القياسية- الإدارة في الفكر الإداري الحديث كمدخل لرقابة الجودة- المداخل المعاصرة في الإدارة.
653 _aالإدارة
653 _aالجودة
942 _cكتاب
999 _c43218
_d43218